Clancy Brown Filmography - Statistics

General Stats
  • This quiz has been taken 40 times
    15 since last reset
  • The average score is 23 of 348
Answer Stats
Type Year Name % Correct
TV Show 1994-1996 Gargoyles
75%
Film 1992 Pet Sematary II
75%
Film 1994 The Shawshank Redemption
75%
TV Show 1999-Present SpongeBob SquarePants
50%
TV Show 1996 The Incredible Hulk
50%
TV Show 2021-Present The Patrick Star Show
50%
Film 2020 The SpongeBob Movie: Sponge on the Run
50%
Film | Video Game 2004 The SpongeBob SquarePants Movie
50%
Film 2014 99 Homes
25%
TV Show 2010 Adventure Time
25%
Film 1991 Ambition
25%
TV Show 2006 Avatar: The Last Airbender
25%
Film 1983 Bad Boys
25%
TV Show 2000 Batman Beyond
25%
TV Show 2010 Batman: The Brave and the Bold
25%
TV Show 1983 Bay City Blues
25%
Film 1990 Blue Steel
25%
TV Show 1990 China Beach
25%
Film 1995 Dead Man Walking
25%
TV Pilot 1996 Desert Breeze
25%
TV Show 1998 Disney's Hercules: The Animated Series
25%
TV Show 1994-1995 Earth 2
25%
TV Show 2007 El Tigre: The Adventures of Manny Rivera
25%
Film 1987 Extreme Prejudice
25%
Video Game 1997 Fallout: A Post-Nuclear Role-Playing Game
25%
TV Show 2015 Family Guy
25%
Film 1996 Female Perversions
25%
Film 1995 Gargoyles the Movie: The Heroes Awaken
25%
Film 2011 Green Lantern
25%
TV Show 2012 Green Lantern: The Animated Series
25%
Film 1986 Highlander
25%
Film 2013 Homefront
25%
TV Show 2013-2015 Hulk and the Agents of S.M.A.S.H.
25%
Web Series 2021-Present Invincible
25%
Film 2023 John Wick: Chapter 4
25%
TV Show 2002-2003 Justice League
25%
TV Show 2004-2006 Justice League Unlimited
25%
Web Series 2021-2024 Kamp Koral: SpongeBob's Under Years
25%
TV Show 2005, 2006, 2007 Kim Possible
25%
Film 2019 Lady and the Tramp
25%
TV Show 2008 Law & Order
25%
Video Game 2012 LEGO Batman 2: DC Super Heroes
25%
Video Game 2014 LEGO Batman 3: Beyond Gotham
25%
Video Game 2018 LEGO DC Super-Villains
25%
TV Show 1997, 1999, 2000 Men in Black: The Series
25%
TV Show 1996 Mortal Kombat: Defenders of the Realm
25%
Film 1991 Past Midnight
25%
Film 1994 Pom Poko
25%
TV Film 1996 Radiant City
25%
TV Show 2017-2020 Rapunzel's Tangled Adventure
25%
TV Show 2012, 2013 Scooby-Doo! Mystery Incorporated
25%
Film 1989 Season of Fear
25%
Film 1988 Shoot to Kill
25%
TV Show 2003 Spider-Man: The New Animated Series
25%
Film 1997 Starship Troopers
25%
TV Show 2015-2018 Star Wars: Rebels
25%
TV Show 2011-2013 Star Wars: The Clone Wars
25%
Video Game 1999 Superman
25%
TV Show 1996-2000 Superman: The Animated Series
25%
TV Show 1993 Tales from the Crypt
25%
Web Series 2022 Tales of the Jedi
25%
TV Show 2003 Teen Titans
25%
Film 1984 The Adventures of Buckaroo Banzai Across the 8th
25%
TV Show 2010, 2011, 2012 The Avengers: Earth's Mightiest Heroes
25%
TV Show 2004-2007 The Batman
25%
Film 1985 The Bride
25%
TV Show 1983 The Dukes of Hazzard
25%
TV Show 2014-2015 The Flash
25%
Film 2006 The Guardian
25%
TV Show 1994 The Little Mermaid
25%
Web Series 2019 The Mandalorian
25%
TV Show 1996 The Outer Limits
25%
TV Mini-Series 2024 The Penguin
25%
TV Show 2008-2009 The Spectacular Spider-Man
25%
Film 2015 The SpongeBob Movie: Sponge Out of Water
25%
Film 2017 Thor: Ragnarok
25%
Film 1985 Thunder Alley
25%
Film 1990 Waiting for the Light
25%
Web Series 2021, 2023 What If...?
25%
TV Show 2012 Young Justice
25%
Podcast 2022-2023 13 Days of Halloween
0%
Web Series 2018 3Below: Tales of Arcadia
0%
Podcast 2023 Ad Lucem
0%
TV Pilot 2015 Agatha
0%
Theater 2005 A Good Soldier
0%
Web Mini-Series 2023 Ahsoka
0%
Web Series 2011 Aim High
0%
TV Show 2003-2007 All Grown Up!
0%
TV Show 2007, 2009, 2010, 2021 American Dad!
0%
TV Show 2005, 2007 American Dragon: Jake Long
0%
Film 2010 A Nightmare on Elm Street
0%
Film 1997 Annabelle's Wish
0%
Theater 1992 Antony and Cleopatra
0%
TV Show 2014 Archer
0%
Film 2012 At Any Price
0%
Film 2003 Atlantis: Milo's Return
0%
TV Show 2005-2007 A.T.O.M.: Alpha Teens on Machines
0%
Film 2024 Audrey's Children
0%
TV Show 2014-2018 Avengers Assemble
0%
TV Show 2015 Axe Cop
0%
Documentary Mini-Series 2004 Barbarians
0%
TV Show 2007 Ben 10
0%
TV Show 2008 Ben 10: Alien Force
0%
TV Show 2008 Ben & Izzy
0%
TV Show 2025 Big City Greens
0%
TV Show 1999-2001 Big Guy and Rusty the Boy Robot
0%
TV Show 2006-2007 Biker Mice from Mars
0%
TV Show 2018-2019, 2023 Billions
0%
TV Film 2008 Blank Slate
0%
TV Film 1993 Bloodlines: Murder in the Family
0%
TV Film 2001 Boss of Bosses
0%
TV Show 2004 Brandy & Mr. Whiskers
0%
TV Show 2002 Breaking News
0%
TV Show 2000 Buzz Lightyear of Star Command
0%
Video Game 2012 Call of Duty: Black Ops II
0%
Web Series 2021 Calls
0%
TV Show 2003-2005 Carnivàle
0%
TV Show 2003 Cartoon Monsoon
0%
TV Film 1991 Cast a Deadly Spell
0%
TV Show 2005 Catscratch
0%
Film 2017 Chappaquiddick
0%
Commercial 2014-2015 Chevrolet
0%
TV Show 2015, 2016 Chicago P.D.
0%
Film 2000 Chump Change
0%
Short Film 1999 Claire Makes It Big
0%
TV Film 1987 Corridos: Tales of Passion & Revolution
0%
TV Show 1998 Cow and Chicken
0%
Film 2011 Cowboys & Aliens
0%
Video Game 1997 Crash Bandicoot 2: Cortex Strikes Back
0%
Video Game 2001 Crash Bandicoot: The Wrath of Cortex
0%
Video Game 1998 Crash Bandicoot: Warped
0%
Video Game 2000 Crash Bash
0%
Video Game 2003 Crash Nitro Kart
0%
Video Game 1999 Crash Team Racing
0%
Web Series 2018 Dallas & Robo
0%
TV Show 2013 Dan Vs.
0%
TV Pilot 2013 Dark Minions
0%
TV Show 2004 Dave the Barbarian
0%
TV Film 1993 Desperate Rescue: The Cathy Mahone Story
0%
Video Game 2018 Detroit: Become Human
0%
TV Mini-Series 2021-2022 Dexter: New Blood
0%
TV Show 2023 Digman!
0%
Video Game 2005 SpongeBob SquarePants: Lights, Camera, Pants!
0%
Film 2005 Dogg's Hamlet, Cahoot's Hamlet
0%
TV Film 1995 Donor Unknown
0%
TV Mini-Series 2013 Doom Patrol
0%
TV Show 2004 Duck Dodgers
0%
TV Show 2020 DuckTales
0%
Film 2023 Dumb Money
0%
Web Series 2022 El Deafo
0%
TV Show 2019-2020 Emergence
0%
TV Show 1997-1998 ER
0%
TV Show 1997 Extreme Ghostbusters
0%
TV Film 1989 Fair Game
0%
Film 2025 FEEL
0%
Short Film 2004 Finding Neo
0%
Film 1997 Flubber
0%
Video Game 2024 Funko Fusion
0%
Film 2004 Gambling
0%
TV Show 1996 Gargoyles: The Goliath Chronicles
0%
Web Series 2023 Gen V
0%
TV Show 2010-2011 G.I. Joe: Renegades
0%
Short Film 2007 God of Reincarnation
0%
Video Game 2010 God of War III
0%
TV Show 1999 Godzilla: The Series
0%
TV Show 2015 Golan the Insatiable
0%
TV Show 2025 Good Cop/Bad Cop
0%
Film 2016 Hail, Caesar!
0%
TV Show 2001-2002 Heavy Gear: The Animated Series
0%
Film 2012 Hellbenders
0%
TV Show 1997 Hey Arnold!
0%
TV Show 2000 Histeria!
0%
Commercial 2005 Honda Ridgeline
0%
Short Film 1982 How to Sabotage Your Treatment
0%
TV Film 1999 In the Company of Spies
0%
TV Show 2024 Invincible Fight Girl
0%
Film 2014 Iron Man and Captain America: Heroes United
0%
TV Show 2000-2005 Jackie Chan Adventures
0%
Video Game 2004 Jak 3
0%
Video Game 2003 Jak II
0%
Short Film 2003 Jimmy Neutron's Nicktoon Blast
0%
Film 2012 John Dies at the End
0%
TV Film 1990 Johnny Ryan
0%
Film 2014 Just Before I Go
0%
Film TBA Kent State
0%
TV Show 2010, 2012 Kick Buttowski: Suburban Daredevil
0%
TV Film 2024 Kreepaway Kamp
0%
TV Show 2013 Kung Fu Panda: Legends of Awesomeness
0%
Video Game 1997 Lands of Lore: Guardians of Destiny
0%
Video Game 1999 Lands of Lore III
0%
TV Film 1993 Last Light
0%
Film 2021 Last Looks
0%
Film 2013 LEGO Batman: The Movie - DC Super Heroes Unite
0%
TV Show 2010 Leverage
0%
Short Film 2017 License and Registration
0%
Video Game 2014 Lichdom: Battlemage
0%
TV Show 2006 Lilo & Stitch: The Series
0%
Film 2017 Little Evil
0%
TV Show 2001-2004 Lloyd in Space
0%
TV Show 2006 Lost
0%
TV Mini-Series 1991 Love, Lies and Murder
0%
TV Show 2019 Mao Mao: Heroes of Pure Heart
0%
Web Series 2016 Marvel's Daredevil
0%
Web Series 2017 Marvel's The Punisher
0%
Video Game 2017 Mass Effect: Andromeda
0%
TV Show 2010 Medium
0%
TV Show 2004-2005 Megas XLR
0%
TV Show 2015 Mickey Mouse
0%
TV Show 1996-1997 Mighty Ducks: The Animated Series
0%
Film 1996 Mighty Ducks the Movie: The First Face-Off
0%
TV Show 2016, 2019 Milo Murphy's Law
0%
Video Game 2002 Minority Report
0%
Short Film 2008 NASA Seals
0%
Video Game 2023 Nickelodeon All-Star Brawl 2
0%
Video Game 2003 Nickelodeon Toon Twister 3D
0%
Web Series 2019 Niko and the Sword of Light
0%
TV Film 2003 Normal
0%
Film 2013 Nothing Left to Fear
0%
TV Show 2017 OK K.O.! Let's Be Heroes
0%
Web Series 2020 Pandemic Players
0%
Short Film 2007 Parker
0%
Film 2007 Pathfinder
0%
TV Show 2009 Phineas and Ferb
0%
TV Show 2015 Pickle and Peanut
0%
Film 2025 Plankton: The Movie
0%
Video Game 2012 PlayStation All-Stars Battle Royale
0%
Film 2023 Poolman
0%
TV Show 2010, 2011, 2012, 2013 Pound Puppies
0%
Film 2020 Promising Young Woman
0%
TV Show 2000 Recess
0%
Film 2001 Recess: School's Out
0%
Film 2003 Recess: Taking the Fifth Grade
0%
TV Film 2002 Red Skies
0%
Film 2025 Regretting You
0%
TV Show 2024, 2025 Resident Alien
0%
TV Film 1992 Revenge of the Nerds III: The Next Generation
0%
TV Show 2017, 2020 Rick and Morty
0%
TV Show 2019 Robot Chicken
0%
TV Short 2014 Robot Chicken DC Comics Special II: Villains in Paradise
0%
TV Show 2000 Roughnecks: The Starship Troopers Chronicles
0%
Video Game 2002 Run Like Hell
0%
Video Game 2006 Saints Row
0%
TV Show 2002 Samurai Jack
0%
Film 2024 Saving Bikini Bottom: The Sandy Cheeks Movie
0%
TV Show 2019 Schooled
0%
Film 2023 Scrambled
0%
TV Show 2016 Sheriff Callie's Wild West
0%
Short Film 2009 Slap
0%
TV Show 2013-2016 Sleepy Hollow
0%
TV Film 2001 Snow White: The Fairest of Them All
0%
TV Show 2013, 2015 Sofia the First
0%
Web Series 2022-2024 Solar Opposites
0%
Film 2013 Sparks
0%
Music Video 1988 Speed Demon
0%
Video Game 2007 SpongeBob's Atlantis SquarePantis
0%
Theme Park Attraction 2005 SpongeBob SquarePants 4-D: Ride
0%
Video Game 2002 SpongeBob SquarePants: Employee of the Month
0%
Film 2003 SpongeBob SquarePants: Lost at Sea
0%
Video Game 2013 SpongeBob SquarePants: Plankton's Robotic Revenge
0%
TV Special 2023 SpongeBob SquarePants Presents The Tidal Zone
0%
Video Game 2002 SpongeBob SquarePants: Revenge of the Flying Dutchman
0%
Film 2009 SpongeBob SquarePants: Spongicus
0%
Video Game 2023 SpongeBob SquarePants: The Cosmic Shake
0%
Video Game 2024 SpongeBob SquarePants: The Patrick Star Game
0%
Video Game 1998 Spyro the Dragon
0%
TV Show 2002 Star Trek: Enterprise
0%
Video Game 2002 Star Wars: Bounty Hunter
0%
Web Series 2017, 2018 Stretch Armstrong & the Flex Fighters
0%
Film 2017 Stronger
0%
Film 2018 Supercon
0%
Film 2009 Superman/Batman: Public Enemies
0%
Video Game 2002 Superman: Shadow of Apokolips
0%
TV Film 1996 Superman: The Last Son of Krypton
0%
TV Show 2004-2006 Super Robot Monkey Team Hyperforce Go!
0%
TV Film 2017 Tangled: Before Ever After
0%
TV Show 2000 Teacher's Pet
0%
TV Show 2002 Teamo Supremo
0%
TV Pilot 2013 Team Smithereen Pilot
0%
TV Show 2012-2017 Teenage Mutant Ninja Turtles
0%
Video Game 2014 Teenage Mutant Ninja Turtles: Danger of the Ooze
0%
Film TBA The Addiction of Hope
0%
Web Series 2016 The Adventures of Puss in Boots
0%
TV Show 1999 The Angry Beavers
0%
Film 2018 The Ballad of Buster Scruggs
0%
TV Film 1997 The Batman Superman Movie: World's Finest
0%
Film 2008 The Burrowers
0%
TV Pilot 1999 The Caseys
0%
Web Series 2019 The Crown
0%
TV Show 2010 The Deep End
0%
Web Series 2018-2019 The Epic Tales of Captain Underpants
0%
Web Series 2022 The Exodite
0%
Film 2008 The Express
0%
TV Film 2012 The Frontier
0%
TV Show 2018-2019 The Goldbergs
0%
Commercial 2006 The Home Depot
0%
Film 1999 The Hurricane
0%
Film 2009 The Informant!
0%
Film 1998 The Jungle Book: Mowgli's Story
0%
TV Film 2002 The Laramie Project
0%
TV Mini-Series 1997 The Legend of Calamity Jane
0%
TV Show 2012 The Legend of Korra
0%
TV Show 2005 The Life and Times of Juniper Lee
0%
TV Show 1998 The Lionhearts
0%
Video Game 2000 The Little Mermaid II
0%
Film 2000 The Little Mermaid II: Return to the Sea
0%
Film 2003 The Making of Daniel Boone
0%
TV Film 1987 The Man Who Broke 1,000 Chains
0%
TV Show 2015 The Midnight Anthology
0%
Documentary 1996 The Moravian Massacre
0%
Film 2019 The Mortuary Collection
0%
TV Film 1999 The Night of the Headless Horseman
0%
TV Film 1998 The Patron Saint of Liars
0%
TV Show 2010, 2011 The Penguins of Madagascar
0%
TV Show 2001 The Powerpuff Girls
0%
TV Show 2000 The Practice
0%
TV Show 1997 The Real Adventures of Jonny Quest
0%
TV Show 2007 The Riches
0%
TV Film 1987 The Room Upstairs
0%
TV Show 1998 The Secret Files of SpyDogs
0%
TV Show 2009 The Secret Saturdays
0%
Film 2025 The SpongeBob Movie: Search for Squarepants
0%
Short Film 2019 The Spooky Tale of Captain Underpants Hack-a-Ween
0%
TV Pilot 2013 The Surgeon General
0%
Film 2013 The Trials of Cate McCall
0%
TV Film 2014 The Trip to Bountiful
0%
Film 2009 The Twenty
0%
TV Show 2016, 2018 The Venture Bros.
0%
Film 2023 The Venture Bros.: Radiant Is the Blood of the Baboon Heart
0%
Web Series 2020 The Wonderful World of Mickey Mouse
0%
TV Show 2001 The Zeta Project
0%
TV Show 2011 Thundercats
0%
TV Show 1999 Timon & Pumbaa
0%
Web Series 2022-2023 Transformers: Earthspark
0%
TV Show 2011-2013 Transformers Prime
0%
TV Show 2014 TripTank
0%
Web Series 2016-2018 Trollhunters: Tales of Arcadia
0%
TV Show 2012-2016 Ultimate Spider-Man
0%
TV Film 1999 Vendetta
0%
TV Show 1998-2000 Voltron: The Third Dimension
0%
TV Show 2013 Wander Over Yonder
0%
Film 2016 Warcraft
0%
Film 2013 Water & Power
0%
Film 2014 When the Game Stands Tall
0%
Web Mini-Series 2020 Wizards
0%
TV Show 2008, 2009 Wolverine and the X-Men
0%
TV Film 2000 Yesterday's Children
0%
TV Show 1997-1998 Zorro
0%
No matching quizzes found
Score Distribution
Percent of People with Each Score
Percentile by Number Answered
Your Score History
You have not taken this quiz since the last reset